Città in cui sono ambientati più film - Statistics

Statistiche generali
  • Questo quiz è stato fatto 48 volte
  • Il punteggio medio è 20 su 38
Statistiche sulle risposte
Numero di film Città % Corretto
1270 Roma
100%
655 Napoli
94%
1157 New York
85%
648 Parigi
85%
78 Firenze
82%
346 Milano
82%
545 Londra
79%
414 Los Angeles
79%
106 Palermo
74%
129 Torino
74%
175 Venezia
74%
45 Madrid
71%
251 Tokyo
71%
132 Berlino
68%
33 Barcellona
65%
63 Genova
65%
56 Mosca
65%
46 Rio de Janeiro
53%
40 Amsterdam
50%
174 Chicago
50%
170 San Francisco
50%
54 Bologna
44%
37 Istanbul
44%
73 Miami
44%
66 Vienna
44%
43 Dublino
38%
98 Washington
38%
68 Boston
32%
43 Marsiglia
32%
80 Las Vegas
29%
32 Trieste
26%
49 Gerusalemme
24%
35 Detroit
18%
81 New Orleans
12%
31 Osaka
12%
37 Seattle
12%
48 Filadelfia
6%
30 Pittsburgh
3%
Nessun quiz corrispondente trovato
Distribuzione punteggi
Percentuale di utenti per punteggio
Percentile per numero di risposta
I tuoi punteggi nel tempo
Non hai fatto questo quiz